000 01121nam1a2200313 i 4500
001 RU\NLR\bibl\22388
005 20241106065330.0
035 _a(NLR Aleph) 000021815
090 _a101143
_c101143
100 _a19990415g19999999m y0rusy50 ca
101 0 _arus
102 _aRU
105 _a|||||||||||||
200 1 _aАнастасия
_eСуществую для тех, для кого существую
_fВладимир Мегре
210 _aРостов н/Д
_cПроф-Пресс
_d1999
215 _d21
225 1 _aЗвенящие кедры России
463 0 _100121749
600 0 _aАнастасия
_92078895
_3RU\NLR\auth\661254762
600 0 _aАнастасия
_2psbo
606 0 _aБиоэнергетика
_xЛечебное применение
_91157057
_3RU\NLR\auth\66144407
686 _aР358.9
686 _aЮ96
700 1 _aМегре
_bВ. Н.
_f1950-
_gВладимир Николаевич
_4070
801 0 _aRU
_bNLR
_c19990415
_gPSBO
801 1 _aRU
_bNLR
_c19990415
852 _aNLR
_j99-3/1519
942 _cBOOK